| 000 | 00667nam a2200253Ia 4500 | ||
|---|---|---|---|
| 001 | dia_3466 | ||
| 003 | CHAP | ||
| 005 | 20251023163923.0 | ||
| 008 | 220117s1989 xx 000 0 und d | ||
| 010 | _a173929 | ||
| 020 | _a968-463-049-2 | ||
| 040 | _cCHAP | ||
| 082 | _a636.3084 W4Y | ||
| 100 |
_aHaresign W. _9154724 |
||
| 245 |
_aProducción ovina / _c W. Haresign |
||
| 260 |
_aMéxico, D. F. : _b Agt editores, _c1989 |
||
| 300 | _a592 p. | ||
| 503 | _aC/E | ||
| 650 |
_a1.Ganado lanar _xproducción _9154725 |
||
| 901 | _a636.3084 W4Y | ||
| 902 | _aM | ||
| 905 | _a0000001989 MX M 0000000000SPA00 | ||
| 942 |
_cLIBRO _2ddc |
||
| 999 |
_c173929 _d173929 |
||